000 00830nam a2200253Ia 4500
003 OSt
005 20220923211451.0
006 a|||||r|||| 00| 0
007 ta
008 Pun
020 _a9789350688861 (hbk)
_c300
024 _a290,642
037 _b1001, 31/12/2015, H.K. Prakashan
_cTextual
040 _aARTS
_cARTS
_bPun
041 _2Pun
_aPun
082 _aO153,6N291x, Q4
100 _aਕੰਵਲ, ਜਸਵੰਤ ਸਿੰਘ
_9156315
245 0 _aਪੰਜਾਬ ਦਾ ਹੱਕ ਸੱਚ
260 _aਚੰਡੀਗੜ੍ਹ
_b ਲੋਕਗੀਤ
_c2014
300 _a264ਪੰ
_ccm.
650 _aਭੱਜ਼ਾਂਸ਼. ਸਾਂFੲਛ
942 _hO153,6N291x, Q4
_cTEXL
_2CC
999 _c299820
_d299820